000
00249nam a2200097Ia 4500
082
_a
EF HARM
245
0
_a
Italian for beginners
100
_a
Harmel, Kristin London, 2009
_9
76079
942
_c
BK
008
210817s9999 xx 000 0 und d
999
_c
252413
_d
252412